000 00697nam a22002537a 4500
001 BR7326269
003 BR-BrBNA
005 20230928084353.0
007 ta
008 230509b bl.||||| |||| 00| 0 por d
040 _aBR-BrBNA
_bpor
_cBiblioteca Nacional de Agricultura
041 _a(Por)
072 _aN20
090 _ N20 BR7326269
100 1 _aMiranda, C.
110 1 _aMinisterio do Trabalho, Industria e Comercio, Rio de Janeiro, GB (Brasil)
_97160
245 1 _aO problema da mecanizacao
260 3 _aRio de Janeiro, GB (Brasil):
_c1937.
300 _a14 p.
650 _aEQUIPAMENTO RURAL
650 _aMECANIZACAO
909 _a202309
_bLucia
_c55
_dLucia Elande
942 _cBK
999 _c18492
_d18492